| 000 | 01170naa a22003257a 4500 | ||
|---|---|---|---|
| 001 | BR7703003 | ||
| 003 | BR-BrBNA | ||
| 005 | 20240918173948.0 | ||
| 007 | ta | ||
| 008 | 230509b bl.||||| |||| 00| 0 por d | ||
| 040 |
_aBR-BrBNA _bpor _cBiblioteca Nacional de Agricultura |
||
| 041 | _a(Pt) | ||
| 072 |
_aE70; E10 _b/G514 |
||
| 090 | _aE70 BR7703003 | ||
| 100 | 1 | _aCarvalho, E.P. de | |
| 111 | 1 |
_a4. Encontro Nacional dos Produtores de Acucar _cCampos, RJ (Brazil) _d1976 |
|
| 245 | 1 | _aMercado externo - uma estrategia do desenvolvimento brasileiro [Comercializacaoo; Macroeconomia] | |
| 260 | 3 |
_aCampos, RJ (Brasil): _c1977. |
|
| 500 | _aCana de acucar, energia e desenvolvimento para o Brasil Campos, RJ (Brasil): 1977. p. 119-141 (BR7703003-AM)E70 | ||
| 650 | _aComercializacao | ||
| 650 | _aMacroeconomia | ||
| 650 | _aMercado internacional | ||
| 650 | _aExportacao | ||
| 650 | _aImportacao | ||
| 650 | _aInvestimento | ||
| 650 | _aBalanco de pagamento | ||
| 773 | 0 |
_tCana de acucar, energia e desenvolvimento para o Brasil _wE70 BR7703003 _gCampos, RJ (Brasil), 1977. p. 119-141 |
|
| 909 |
_a202404 _bLucia _c55 _dLucia Elande |
||
| 942 |
_cAM _2AGRIS |
||
| 999 |
_c307987 _d307987 |
||